Genetická báza vývinu slovenčiny na strednom Dunaji v 5.-10. storočí

Bibliographic Details
Main Author: Krajčovič, Rudolf, 1927-2014 (Author)
Format: Article
Language:Slovak
Subjects:

MARC

LEADER 00000nab a2200000 a 4500
001 vtls000735987
003 SK-MaSNL
005 20260303191045.0
008 160205c2000 xo 0 slo
015 |a SNBRB2000/10-26360 
035 |a CLN000087854 
040 |a SNKBUCL  |b slo  |c SNKBUCL  |e AACR2 
041 0 |a slo 
044 |a xo  |c SK 
080 |a 808.101"04/09"  |2 1997 
080 |a 808.54(091)  |2 1997 
100 1 |a Krajčovič, Rudolf,  |d 1927-2014  |4 aut  |9 184229 
245 1 0 |a Genetická báza vývinu slovenčiny na strednom Dunaji v 5.-10. storočí  |c Rudolf Krajčovič 
504 |a Bibliogr. odkazy 
650 0 7 |a praslovančina  |2 snkbucl  |9 68822 
650 0 7 |a slovenčina  |2 snkbucl  |9 1350 
655 7 |a články z novín a časopisov  |2 snkbucl  |9 267496 
655 7 |a články z odboru slavistika  |2 snkbucl  |9 150819 
773 0 |t Slovenské pohľady  |g Roč. 4+116, č. 7-8 (2000), s. 40-47 
850 |a Slovenská národná knižnica v Martine 
852 |a SNK  |b KIS3GCP 
958 |a NB 
958 |a SS 
958 |a SK 
992 |a RBX 
999 |c 2139284  |d 2141214